Central Library OPAC University of Rajshahi

Librarianship in Britain today / (Record no. 305)

MARC details
000 -LEADER
fixed length control field 00830nam a2200265 a 4500
001 - CONTROL NUMBER
control field 305
003 - CONTROL NUMBER IDENTIFIER
rucl marc code BD-RjUL
005 - DATE AND TIME OF LATEST TRANSACTION
control field 20211208233144.0
008 - FIXED-LENGTH DATA ELEMENTS--GENERAL INFORMATION
fixed length control field 161203r19681967enk 001 0 eng d
035 ## - SYSTEM CONTROL NUMBER
System control number (BD-RjUL) 322
System control number (OCoLC)863582
040 ## - CATALOGING SOURCE
Original cataloging agency DLC
Transcribing agency OTU
Modifying agency OCoLC
-- Uk
-- (BD-RjUL)
Language of cataloging eng
041 ## - LANGUAGE CODE
Language code of text/sound track or separate title eng
082 ## - DEWEY DECIMAL CLASSIFICATION NUMBER
Classification number 020.942
Edition number 23
Author mark and year LIB 1968
245 00 - TITLE STATEMENT
Title Librarianship in Britain today /
Statement of responsibility, etc. edited by W. L. Saunders.
260 ## - PUBLICATION, DISTRIBUTION, ETC. (IMPRINT)
Place of publication, distribution, etc. London :
Name of publisher, distributor, etc. Library Association,
Date of publication, distribution, etc. 1967[reprinted1968]
300 ## - PHYSICAL DESCRIPTION
Pagination xviii, 173 p.;
Size 22 cm.
504 ## - BIBLIOGRAPHY, ETC. NOTE
Bibliography, etc Bibliographical footnotes.
526 ## - STUDY PROGRAM INFORMATION NOTE
Requested Dept. library science
650 #0 - SUBJECT ADDED ENTRY--TOPICAL TERM
Topical term or geographic name as entry element Libraries--Great Britain.
Geographic subdivision Great Britain.
9 (RLIN) 972
700 1# - ADDED ENTRY--PERSONAL NAME
Personal name Saunders, W. L.
Fuller form of name (Wilfred Leonard),
Dates associated with a name 1920-2007,
Relator term ed.
710 2# - ADDED ENTRY--CORPORATE NAME
Corporate name or jurisdiction name as entry element British Council.
9 (RLIN) 974
942 ## - ADDED ENTRY ELEMENTS (KOHA)
Source of classification or shelving scheme Dewey Decimal Classification
Koha item type Books
Holdings
Lost status Source of classification or shelving scheme Damaged status Not for loan Collection code Permanent Location Current Location Date acquired Source of acquisition Total Checkouts Full call number Date last seen Copy number Koha item type Shelving location Cost, normal purchase price
  Dewey Decimal Classification     Non-fiction Central Library, University of Rajshahi Central Library, University of Rajshahi 25/07/1970 Zeitlinger   020.942 LIB 1968 17/11/2013 C-2 Books    
  Dewey Decimal Classification     Non-fiction Central Library, University of Rajshahi Central Library, University of Rajshahi 20/07/1997 Zeitlinger   020.942 LIB 1968 17/11/2013 C-3 Books    
  Dewey Decimal Classification   Not For Loan Non-fiction Central Library, University of Rajshahi Central Library, University of Rajshahi 27/08/1987 Zeitlinger   020.942 LIB 1968 03/12/2016 C-1 Books Reading Room 40.00